Games Released in 2007 - Statistics

General Stats
  • This quiz has been taken 6 times
  • The average score is 4 of 59
Answer Stats
Answer % Correct
Portal
75%
Super Mario Galaxy
50%
Wii Fit
50%
Beautiful Katamari
25%
Fire Emblem Radiant Dawn
25%
Halo 3
25%
Mario Party 8
25%
Mario Strikers Charged
25%
Metroid Prime 3 Corruption
25%
Sonic Rush Adventure
25%
Super Paper Mario
25%
Team Fortress 2
25%
The Legend of Zelda Phantom Hourglass
25%
Ace Combat 6
0%
Assassin's Creed
0%
Battalion Wars 2
0%
Bioshock
0%
Burnout Dominator
0%
Call of Duty 4 Modern Warfare
0%
Colin McRae DIRT
0%
Contra 4
0%
Cooking Mama 2
0%
Cooking Mama Cook Off
0%
Crackdown
0%
Crysis
0%
Drawn to Life
0%
Fatal Inertia
0%
Folklore
0%
Forza Motorsport 2
0%
God of War II
0%
Guitar Hero III
0%
Heavenly Sword
0%
Kingdom Under Fire Circle of Doom
0%
Lair
0%
Lost Odyssey
0%
Manhunt 2
0%
Mass Effect
0%
Medal of Honor Airborne
0%
Need for Speed ProStreet
0%
No More Heroes
0%
Project Gotham Racing 4
0%
Ratchet and Clank Future Tools of Destruction
0%
Resident Evil The Umbrella Chronicles
0%
Rock Band
0%
Sega Rally Revo
0%
Silent Hill Origins
0%
Skate
0%
SOCOM Tactical Strike
0%
STALKER
0%
Stranglehold
0%
Syphon Filter Logan's Shadow
0%
The Witcher
0%
The World Ends With You
0%
Tomb Raider Anniversary
0%
Trauma Center New Blood
0%
Uncharted
0%
Warhawk
0%
Wipeout Pulse
0%
Zack and Wiki
0%
No matching quizzes found
Score Distribution
Percent of People with Each Score
Percentile by Number Answered
Your Score History
You have not taken this quiz